LEADER 00749nam0-22002531i-450 001 990005114130403321 005 20210603164650.0 035 $a000511413 100 $a19990530g19609999km-y0itay50------ba 101 0 $aita 105 $ay-------001yy 200 1 $aLiebelei Reigen$fArthur Schnitzler$gmit einem Nachwort von Richard Alewyn 210 $aFrankfurt am Main$cFischer Bncherei$dc1960. 215 $a160 p.$d18 cm 225 1 $aFischer Bncherei$v361 700 1$aSchnitzler,$bArthur$f<1862-1931>$0320902 702 1$aAlewyn,$bRichard 801 0$aIT$bUNINA$gRICA$2UNIMARC 901 $aBK 912 $a990005114130403321 952 $aTX SC 41$bFil.Mod. 7792$fFLFBC 959 $aFLFBC 996 $aLiebelei Reigen$9534248 997 $aUNINA LEADER 01013nam0 22002891i 450 001 RML0244245 005 20231121125708.0 100 $a20121121d1995 ||||0itac50 ba 101 | $aeng 102 $agb 181 1$6z01$ai $bxxxe 182 1$6z01$an 200 1 $aSigns of writing$fRoy Harris 210 $aLondon - New York $cRoutledge $d1995 215 $aVIII, 185 p.$cill.$d24 cm 300 $aTransferred to digital printing 2009 606 $aScrittura$2FIR$3RMLC056712$9I 676 $a411$9NOTAZIONI (ALFABETI E IDEOGRAMMI)$v21 700 1$aHarris$b, Roy$3RMLV157699$0165581 801 3$aIT$bIT-01$c20121121 850 $aIT-FR0017 899 $aBiblioteca umanistica Giorgio Aprea$bFR0017 912 $aRML0244245 950 0$aBiblioteca umanistica Giorgio Aprea$d 52CIS 5/1936$e 52VM 0000141545 VM barcode:00076470. - Inventario:38100 FLSVM$fA $h20100224$i20121204 977 $a 52 996 $aSigns of writing$93621230 997 $aUNICAS